00327nam a2200121Ia 4500008004100000041000800041082001500049100002000064245004400084260003400128300003400162365000900196240624s9999 xx 000 0 und d aeng a332042 CHE aCHEUNG YIN WONG aEVOLVING ROLE OF ASIA IN GLOBAL FINANCE c2011aUnited KingdombEmerald axxviii, : 418 : p. : cm. ; 23 cb25